Catálogo
 En Linea

Las puertas del misterio : (Registro nro. 49696)

Detalles MARC
000 -CABECERA
campo de control de longitud fija 01072nam a22003017a 4500
003 - IDENTIFICADOR DEL NÚMERO DE CONTROL
campo de control OSt
005 - FECHA Y HORA DE LA ÚLTIMA TRANSACCIÓN
campo de control 20250408123232.0
007 - CAMPO FIJO DE DESCRIPCIÓN FÍSICA--INFORMACIÓN GENERAL
campo de control de longitud fija ta
008 - DATOS DE LONGITUD FIJA--INFORMACIÓN GENERAL
campo de control de longitud fija 210325b 2019 dr 00| 0 eng d
020 ## - NÚMERO INTERNACIONAL ESTÁNDAR DEL LIBRO
Número Internacional Estándar del Libro 9789945503586
040 ## - FUENTE DE LA CATALOGACIÓN
Centro catalogador/agencia de origen DO-SdBNP
Lengua de catalogación spa
Centro/agencia transcriptor BNPHU
082 74 - NÚMERO DE LA CLASIFICACIÓN DECIMAL DEWEY
Número de clasificación M861.5 A698p
Número de edición 22
100 1# - ENTRADA PRINCIPAL--NOMBRE DE PERSONA
Nombre de persona Aridjis, Homero,
Fechas asociadas al nombre 1940-
9 (RLIN) 78288
245 14 - MENCIÓN DE TÍTULO
Título Las puertas del misterio :
Resto del título (antología poética) /
Mención de responsabilidad, etc. Homero Aridjis ; selección de Betty Ferber ; prólogo: Manuel Núñez.
260 ## - PUBLICACIÓN, DISTRIBUCIÓN, ETC.
Lugar de publicación, distribución, etc. Santo Domingo :
Nombre del editor, distribuidor, etc. Editora Nacional,
Fecha de publicación, distribución, etc. 2019.
300 ## - DESCRIPCIÓN FÍSICA
Extensión 219 p. ;
Dimensiones 21 cm.
490 1# - MENCIÓN DE SERIE
Mención de serie Puentes ;
Designación de volumen o secuencia 4
500 ## - NOTA GENERAL
Nota general Incluye datos biográficos del autor en la solapa de la cubierta.
590 ## - NOTA LOCAL (RLIN)
Nota local Inventariado, 2021 /LP
600 ## - PUNTO DE ACCESO ADICIONAL DE MATERIA--NOMBRE DE PERSONA
Nombre de persona Aridjis, Homero
Fechas asociadas al nombre 1940-,
Subdivisión general Crítica e interpretación
9 (RLIN) 78826
650 ## - PUNTO DE ACCESO ADICIONAL DE MATERIA--TÉRMINO DE MATERIA
Término de materia o nombre geográfico como elemento de entrada Poesía mexicana
9 (RLIN) 9120
650 ## - PUNTO DE ACCESO ADICIONAL DE MATERIA--TÉRMINO DE MATERIA
Término de materia o nombre geográfico como elemento de entrada Literatura mexicana
9 (RLIN) 1922
700 1# - PUNTO DE ACCESO ADICIONAL--NOMBRE DE PERSONA
Nombre de persona Ferber, Betty,
Término indicativo de función/relación selección
9 (RLIN) 78289
700 1# - PUNTO DE ACCESO ADICIONAL--NOMBRE DE PERSONA
Nombre de persona Núñez, Manuel,
Fechas asociadas al nombre 1957-
Término indicativo de función/relación prólogo
9 (RLIN) 2366
830 #0 - PUNTO DE ACCESO ADICIONAL DE SERIE-TÍTULO UNIFORME
Título uniforme Puentes ;
Número de parte o sección de la obra 4
9 (RLIN) 78290
910 ## - DATOS DE OPCIÓN DEL USUARIO (OCLC)
Datos de opción del usuario LP. Validado. Control de calidad. MAA
942 ## - ELEMENTOS DE PUNTO DE ACCESO ADICIONAL (KOHA)
Fuente del sistema de clasificación o colocación Dewey Decimal Classification
Tipo de ítem Koha Libro
Existencias
Estado de retiro Estado de pérdida Fuente del sistema de clasificación o colocación Restricciones de uso No para préstamo Código de colección Localización permanente Ubicación/localización actual Ubicación en estantería Fecha de adquisición Fuente de adquisición Total de préstamos Signatura topográfica completa Código de barras Fecha visto por última vez Precio válido a partir de Tipo de ítem Koha Número de copia
    Dewey Decimal Classification Préstamo en sala   Dominicana de Servicio Biblioteca Nacional Pedro Henríquez Ureña General Depósito 25.03.2021 Depósito Legal   BNPHU DS M861.5 A698p 2021-1255 25.03.2021 25.03.2021 Libro y Folleto Colección Dominicana de Servicio e.3
    Dewey Decimal Classification Préstamo en sala   Dominicana de Servicio Biblioteca Nacional Pedro Henríquez Ureña General Depósito 25.03.2021 Editora Búho   BNPHU DS M861.5 A698p 2021-1256 25.03.2021 25.03.2021 Libro y Folleto Colección Dominicana de Servicio e.4
    Dewey Decimal Classification Préstamo en sala   Dominicana de Servicio Biblioteca Nacional Pedro Henríquez Ureña General Depósito 25.03.2021 Editora Búho   BNPHU DS M861.5 A698p 2021-1257 25.03.2021 25.03.2021 Libro y Folleto Colección Dominicana de Servicio e.5
    Dewey Decimal Classification Excluido de préstamo Excluido de préstamo Patrimonio Dominicano Biblioteca Nacional Pedro Henríquez Ureña Patrimonio Dominicano Depósito 25.03.2021 Depósito Legal   BNPHU PD M861.5 A698p 2021-1253 25.03.2021 25.03.2021 Libro y Folleto Colección Patrimonio Dominicano  
    Dewey Decimal Classification Excluido de préstamo Préstamo restrigido Patrimonio Dominicano Biblioteca Nacional Pedro Henríquez Ureña Patrimonio Dominicano Depósito 25.03.2021 Depósito Legal   BNPHU PD M861.5 A698p 2021-1254 25.03.2021 25.03.2021 Libro y Folleto Colección Patrimonio Dominicano e.2

Con tecnología Koha